| 000 | 00442 a2200157 4500 | ||
|---|---|---|---|
| 003 | Nust | ||
| 005 | 20170207171638.0 | ||
| 040 | _cNust | ||
| 082 | _a621.382 | ||
| 100 | _aSklar, Bernard | ||
| 245 |
_aSolutions Manual For Digital communications (E-BOOK) _bfundamentals and applications _cBernard Sklar |
||
| 250 | _a2nd ed | ||
| 260 |
_aUpper Saddle River, N.J. _bPrentice-Hall PTR _cc2001. |
||
| 300 | _a341 p | ||
| 650 | _aDigital communications. | ||
| 942 |
_2ddc _cBK |
||
| 999 |
_c218009 _d218009 |
||